Mexico Google Maps Cities' Phone Codes - Statistics

General Stats
  • This quiz has been taken 20 times
  • The average score is 27 of 60
Answer Stats
City Code % Correct
Mexico City(5)* 55
86%
La Paz(6) 612
86%
Chihuahua(6) 614
86%
Durango(6) 618
71%
Tijuana(6) 664
71%
Puebla(2) 222
57%
Tepic(3) 311
57%
Colima(3) 312
57%
Manzanillo(3) 314
57%
Puerto Vallarta(3) 322
57%
Guadalajara(3)* 33
57%
San Luis Potosi(4) 444
57%
Nogales(6) 631
57%
Ciudad Juarez(6) 656
57%
Hermosillo(6) 662
57%
Culiacan(6) 667
57%
Los Mochis(6) 668
57%
Mazatlan(6) 669
57%
Mexicali(6) 686
57%
Cuernavaca(7) 777
57%
Monterrey(8)* 81
57%
Villahermosa(9) 993
57%
Xalapa(2) 228
43%
Heroica Veracruz (2) 229
43%
Atlixco(2) 244
43%
Santiago de Queretaro(4) 442
43%
Morelia(4) 443
43%
Aguascalientes(4) 449
43%
Lagos de Moreno(4) 474
43%
Delicias(6) 639
43%
Ciudad Obregon(6) 644
43%
Ensenada(6) 646
43%
Toluca(7) 722
43%
Chilpancingo(7) 747
43%
Poza Rica(7) 782
43%
Tampico(8) 833
43%
Matamoros(8) 868
43%
Coatzacoalcos(9) 921
43%
Oaxaca(9) 951
43%
Chetumal(9) 983
43%
Cancun(9) 998
43%
Merida(9) 999
43%
Tehuacan(2) 238
29%
Cordoba(2) 271
29%
Uruapan(4) 453
29%
Celaya(4) 461
29%
Irapuato(4) 462
29%
Leon(4) 477
29%
Texcoco(5) 595
29%
Ciudad Victoria(8) 834
29%
Saltillo(8) 844
29%
Monclova(8) 866
29%
Nuevo Laredo(8) 867
29%
Torreon(8) 871
29%
Reynosa(8) 899
29%
Minatitlan(9) 922
29%
Tuxtla Gutierrez(9) 961
29%
Tapachula(9) 962
29%
San Cristobal de las Casas (9) 967
29%
San Francisco de Campeche(9) 981
29%
No matching quizzes found
Score Distribution
Percent of People with Each Score
Percentile by Number Answered
Your Score History
You have not taken this quiz